Stades de Ligue 1 (2022-2023) - Statistiques

Statistiques générales
  • Ce quiz a été pris 1 105 fois
  • Le résultat moyen est 13 sur 20
Statistiques - réponses
Équipe Stade Capacité % Correct
Olympique de Marseille Stade Vélodrome 67.394
100%
Paris-Saint-Germain Parc des Princes 48.583
98%
Olympique Lyonnais Parc OL 59.186
94%
FC Nantes Stade de la Beaujoire 35.322
88%
AS Monaco Stade Louis-II 16.500
83%
RC Lens Stade Bollaert-Delelis 38.058
80%
OGC Nice Allianz Riviera 36.178
77%
Lille OSC Stade Pierre-Mauroy 50.157
76%
Toulouse FC Stadium de Toulouse 33.150
73%
Stade Rennais Roazhon Park 29.778
67%
RC Strasbourg Stade de la Meinau 26.280
67%
Montpellier HSC Stade de la Mosson 22.000
67%
Angers SCO Stade Raymond-Kopa 17.048
56%
FC Lorient Stade du Moustoir 18.970
51%
AJ Auxerre Stade de l'Abbé-Deschamps 17.924
48%
ESTAC Troyes Stade de l'Aube 20.400
48%
Stade Brestois Stade Francis-Le Blé 14.920
48%
Stade de Reims Stade Auguste-Delaune 21.029
42%
Clermont Foot 63 Stade Gabriel-Montpied 12.768
32%
AC Ajaccio Stade François-Coty 10.660
25%
Aucun quiz correspondant
Distribution des résultats
% des personnes avec chaque résultat
Percentile par nombre de réponses
Votre historique - résultats
Vous n’avez pas pris ce quiz